Word Ladder: Ceylon Quiz Stats

Quiz Updated Nov 7, 2015

Challenge
Share
Tweet
Embed
Score 0/40 Timer 04:00
6 Plays Today
Clue 3-Letter Word % Correct
___ Lanka♛ SRI ♛
98%
Who Wants to ___ Millionaire (2 words)BE A
96.8%
Yoga surfaceMAT
96.8%
Spring monthMAY
96.7%
Sound from a sheepBAA
95.3%
The whole shebangALL
94.3%
Cassius ClayALI
92.5%
Line of seatsROW
90.7%
Mr. Onassis or FleischerARI
90.4%
Thumbs-up vote♛ YEA ♛
89.7%
Thumbs-down vote♛ NAY ♛
89.3%
Kikkoman sauceSOY
88.9%
Portuguese man o' ___♛ WAR ♛
88.7%
Ex-veep QuayleDAN
86.9%
NYC MLB playerMET
86.4%
“You've got mail” co.AOL
86%
Oscar hotshot ___-LewisDAY
85.7%
Man cave♛ DEN ♛
85.4%
Thus farYET
85.4%
Like chafed or tender skin♛ RAW ♛
84.4%
Clue 3-Letter Word % Correct
La's a note to follow ___SOL
83%
EcstasyJOY
82.6%
Simple bed♛ COT ♛
82%
Authorize, permitLET
81.4%
First SCOTUS chief♛ JAY ♛
80.1%
Sherlock Holmes, abbr.DET.
79.1%
Pos. oppositeNEG.
78.3%
Kenobi precederWAN
77.3%
False charge: bum ___RAP
76.9%
Dinghy propellerOAR
76%
InterdictBAN
75.4%
Carp, harryNAG
74.8%
Back muscleLAT
74.1%
Place to hang a hatPEG
70.4%
Villain of robber in a children's gameCOP
67%
Hundred Acre Wood denizenROO
66.9%
Mare's provenderOAT
64.8%
An upper limitCAP
62.8%
Number two, informally♛ POO ♛
56.8%
90s disc fadPOG
53.9%

Today's Daily Dose

Missing Word
1971 Movies A-Z

Word Ladder
Complete Tour

Quick Pick
Logo Colors

On This Day
January 19th

You're not logged in!

Compare scores with friends on all Sporcle quizzes.
Sign Up with Email
OR
Log In

You Might Also Like...

Show Comments

Extras

Top Quizzes Today


Score Distribution

Your Account Isn't Verified!

In order to create a playlist on Sporcle, you need to verify the email address you used during registration. Go to your Sporcle Settings to finish the process.